Statistics for Oscar Best Pictures by Picture #1

Click here to take the quiz!

General Stats

  • This quiz has been taken 96 times
  • The average score is 10 of 16

Answer Stats

Answer% Correct
Gladiator
98%
Rocky
91%
Parasite
86%
Million Dollar Baby
73%
Driving Miss Daisy
71%
Amadeus
68%
Ben-Hur
67%
Birdman
67%
The Shape of Water
64%
Annie Hall
56%
My Fair Lady
54%
Dances with Wolves
53%
Crash
37%
In the Heat of the Night
33%
The Sting
31%
Rebecca
16%

Score Distribution

Percentile by Number Answered

Percent of People with Each Score

Your Score History

You have not taken this quiz